000 nam a22 7a 4500
999 _c9078
_d9078
008 180122b ||||| |||| 00| 0 eng d
100 _aSingh. M
_95360
245 _aLet`s count and write
260 _aNew Delhi
_bArya Publication
_c2008